000 00190 a2200097 4500
001 3512
100 _aHaines, C.G
245 _aAfrica today
260 _a
_bHopkins
_c
090 _c2778
_d2778
942 _aNUST-CAE
_cM
_c19757
999 _c238585
_d238585